| 000 | 00519nam a22001817a 4500 | ||
|---|---|---|---|
| 005 | 20251108171744.0 | ||
| 008 | 250721s1983 xx 000 0 ara d | ||
| 082 | 1 | 4 | _a001.6424/عوض |
| 100 | 1 | _aمنصور، عوض | |
| 245 | 1 | 0 | _aأصول البرمجة بلغة فورتران مع أمثلة و حلول / |
| 264 | 1 |
_aعمان : _bدار الهدى، _c1983. |
|
| 300 | _a204ص | ||
| 650 | 1 | 7 | _aالحواسيب |
| 650 | 1 | 7 | _aفورتران |
| 650 | 1 | 7 | _aالبرمجة |
| 942 |
_2ddc _cBK |
||
| 999 |
_c61702 _d61702 |
||